| 000 | 00613nam a22002057a 4500 | ||
|---|---|---|---|
| 005 | 20140310183644.0 | ||
| 008 | 131221b xxu||||| |||| 00| 0 eng d | ||
| 020 | _a9780415585972 | ||
| 050 |
_aHJ 141 _b.Ul36 2011 |
||
| 100 | _aUlbrich, Holley H. | ||
| 245 |
_aPublic finance in theory and practice / _cHolley H. Ulbrich. |
||
| 250 | _a2nd ed. | ||
| 260 |
_aAbingdon, Oxon ; New York : _bRoutledge, _c2011. |
||
| 300 |
_axix, 365 p. ; _c25 cm. |
||
| 504 | _aIncludes Bibliographic References and Index. | ||
| 521 | _aBSBA | ||
| 650 | _aFinance, Public. | ||
| 942 |
_2lcc _cBK _kFOR |
||
| 999 |
_c25893 _d25893 |
||